|
|
|
|
| LEADER |
00000nab a2200000 a 4500 |
| 001 |
vtls000814807 |
| 003 |
SK-MaSNL |
| 005 |
20260304120403.0 |
| 008 |
040806c2002 xo 0 slo |
| 015 |
|
|
|a SNBRB2002/11-37385
|
| 035 |
|
|
|a CLN000166462
|
| 040 |
|
|
|a SNKBUCL
|b slo
|c SNKBUCL
|e AACR2
|
| 041 |
0 |
|
|a slo
|
| 044 |
|
|
|a xo
|c SK
|
| 080 |
|
|
|a 796.72.093.1(100)
|2 UDC-MRF-SK2
|
| 245 |
0 |
0 |
|a Posledný titul putuje do Francúzska!
|
| 300 |
|
|
|b Fotogr., tab.
|
| 611 |
1 |
7 |
|a Majstrovstvá sveta motocyklov na ceste
|d (2002 :
|c Valencia, Španielsko)
|2 snkbucl
|9 1424259
|
| 611 |
1 |
7 |
|a Veľká cena Austrálie motocyklov na ceste
|d (2002)
|2 snkbucl
|9 1424260
|
| 611 |
1 |
7 |
|a Veľká cena Španielska motocyklov na ceste
|d (2002)
|2 snkbucl
|9 1424261
|
| 650 |
0 |
7 |
|a motocyklistika
|2 snkbucl
|9 74824
|
| 655 |
|
7 |
|a články z novín a časopisov
|2 snkbucl
|9 267496
|
| 773 |
0 |
|
|x 0139-7001
|t Šport
|g Roč. 56, č. 259 (7.11.2002)
|
| 773 |
0 |
|
|x 0139-7001
|t [Príl.] Šport extra
|g S. 18-19 a 22
|
| 850 |
|
|
|a Slovenská národná knižnica v Martine
|
| 852 |
|
|
|a SNK
|b KIS3GCP
|
| 999 |
|
|
|c 2879679
|d 2881609
|